Historia de la muy noble, leal y benemérita ciudad de Astorga / (Record no. 163772)

MARC details
000 -LEADER
campo de control de longitud fija 00626nam a22001815i 4500
001 - NÚMERO DE CONTROL
campo de control 163772
003 - IDENTIFICADOR DE NÚMERO DE CONTROL
campo de control ES-MaACL
005 - FECHA Y HORA DE LA ÚLTIMA TRANSACCIÓN
campo de control 20230906212816.0
008 - DATOS DE LONGITUD FIJA--INFORMACIÓN GENERAL
campo de control de longitud fija 970508s1909 sp af |||| | spa d
040 ## - FUENTE DE CATALOGACIÓN
Centro catalogador/agencia de origen CLM
Lengua de catalogación spa
Centro/agencia transcriptor CLM
100 1# - ENTRADA PRINCIPAL--NOMBRE DE PERSONA
Nombre de persona Rodríguez Díez, Matías.
9 (RLIN) 131942
245 10 - MENCIÓN DEL TÍTULO
Título Historia de la muy noble, leal y benemérita ciudad de Astorga /
Mención de responsabilidad, etc. por Matías Rodríguez Díez.
250 ## - MENCION DE EDICION
Mención de edición 2ª ed.
260 ## - PUBLICACIÓN, DISTRIBUCIÓN, ETC.
Lugar de publicación, distribución, etc. Astorga :
Nombre del editor, distribuidor, etc. [s.n.],
Fecha de publicación, distribución, etc. 1909 (
Fabricante Establecimiento tipográfico de Porfirio López)
300 ## - DESCRIPCIÓN FÍSICA
Extensión XV, 919, 5 p. ;
Dimensiones 27 cm.
651 #4 - PUNTO DE ACCESO ADICIONAL DE MATERIA--NOMBRE GEOGRÁFICO
Nombre geográfico Astorga-
Subdivisión general Historia.
9 (RLIN) 137058
852 ## - LOCALIZACIÓN
Ubicación ES-MaACL
Número de control de estantería F-736
Nota libre -- Enc. hol.
Holdings
Estatus retirado Estado de pérdida Estado de daño No para préstamo Biblioteca de origen Biblioteca actual Ubicación en estantería Fecha de adquisición Fuente de adquisición Total de préstamos Signatura topográfica completa Código de barras Visto por última vez Precio de reemplazo Tipo de ítem Koha
        Biblioteca del Ateneo de Madrid Biblioteca del Ateneo de Madrid Depósito 2 17/01/2008     F-736 1171630 23/02/2023 23/02/2023 Libro impreso